Justicia y secreto profesional

Detalles Bibliográficos
Autor principal: Otero Gonzl̀ez, Mara̕ del Pilar
Autores Corporativos: Centro de Estudios Ramn̤ Areces (Madrid), Universidad Carlos III de Madrid
Formato: Desconocido
Lenguaje:español
Publicado: Madrid : Editorial Centro de Estudios Ramn̤ Areces : Universidad Carlos III de Madrid, D.L. 2001
Materias:
Acceso en línea:Acceso restringido

MARC

LEADER 00000ny a22000003n 4500
005 20110614130930.0
008 020312s2001 sp s 000 0 spa c
017 |a D.L. M.20617-2001 
020 |a 8480044705 
035 |a 407 
040 |a UMA.DER  |d vLex 
040 |a UMA.RE  |d vLex 
080 |a 342.738 
090 |c 667  |d 667 
100 1 |a Otero Gonzl̀ez, Mara̕ del Pilar 
245 1 0 |a Justicia y secreto profesional  |h [Recurso electrn̤ico]  |c M® del Pilar Otero Gonzl̀ez 
256 |a Servicio en ln̕ea 
260 |a Madrid :  |b Editorial Centro de Estudios Ramn̤ Areces :  |b Universidad Carlos III de Madrid,  |c D.L. 2001 
300 |a XIII, 113 p. ;  |c 24 cm 
504 |a Bibliogr. : p. [105]-113 
506 1 |a Contenido solo disponible en los productos indicados  |d vLex Global  |d vLex Global (Academic Edition, excluding Law Schools)  |d vLex Global (U.S. Academic Edition, Law Schools)  |d vLex Global (U.S. Academic Edition, excluding Law Schools)  |d vLex Global (Academic Edition, Law Schools) 
650 0 7 |a Datos personales  |2 Tesauro vLex 
650 0 7 |a Civil  |2 Tesauro vLex 
650 0 7 |a Proteccin̤ de datos personales  |2 Tesauro vLex 
710 2 |a Centro de Estudios Ramn̤ Areces (Madrid) 
710 2 |a Universidad Carlos III de Madrid 
740 0 |a vLex Libros (Servicios en ln̕ea) 
856 4 0 |u http://vlex.com/source/407  |z Acceso restringido 
942 |c BOOK 
999 0 |a Civil Law  |b Madrid